Click the Books of the Bible in Order #2! - Statistics

General Stats
  • This quiz has been taken 19 times
  • The average score is 27 of 66
Answer Stats
Hint Answer % Correct
Genesis ➡️ Exodus
93%
First book? Genesis
93%
Genesis ➡️ Exodus ➡️ Leviticus
93%
Genesis ➡️ Exodus ➡️ Leviticus ➡️ Numbers➡️ Deuteronomy
67%
Genesis ➡️ Exodus ➡️ Leviticus ➡️ Numbers
67%
Genesis ➡️ Exodus ➡️ Leviticus ➡️ Numbers ➡️ Deuteronomy ➡️ Joshua ➡️ Judges ➡️ Ruth ➡️ 1 Samuel ➡️ 2 Samuel ➡️ 1 Kings ➡️ 2 Kings ➡️ 1 Chronicles
53%
Genesis ➡️ Exodus ➡️ Leviticus ➡️ Numbers ➡️ Deuteronomy ➡️ Joshua ➡️ Judges ➡️ Ruth ➡️ 1 Samuel ➡️ 2 Samuel ➡️ 1 Kings
53%
Genesis ➡️ Exodus ➡️ Leviticus ➡️ Numbers ➡️ Deuteronomy ➡️ Joshua ➡️ Judges ➡️ Ruth ➡️ 1 Samuel
53%
Genesis ➡️ Exodus ➡️ Leviticus ➡️ Numbers ➡️ Deuteronomy ➡️ Joshua ➡️ Judges ➡️ Ruth ➡️ 1 Samuel ➡️ 2 Samuel ➡️ 1 Kings ➡️ 2 Kings ➡️ 1 Chronicles ➡️ 2 Chronicles
53%
Genesis ➡️ Exodus ➡️ Leviticus ➡️ Numbers ➡️ Deuteronomy ➡️ Joshua ➡️ Judges ➡️ Ruth ➡️ 1 Samuel ➡️ 2 Samuel ➡️ 1 Kings ➡️ 2 Kings
53%
Genesis ➡️ Exodus ➡️ Leviticus ➡️ Numbers ➡️ Deuteronomy ➡️ Joshua ➡️ Judges ➡️ Ruth ➡️ 1 Samuel ➡️ 2 Samuel
53%
Genesis ➡️ Exodus ➡️ Leviticus ➡️ Numbers ➡️ Deuteronomy ➡️ Joshua ➡️ Judges ➡️ Ruth ➡️ 1 Samuel ➡️ 2 Samuel ➡️ 1 Kings ➡️ 2 Kings ➡️ 1 Chronicles ➡️ 2 Chronicles ➡️ Ezra ➡️ Nehemiah ➡️ Esther
53%
Genesis ➡️ Exodus ➡️ Leviticus ➡️ Numbers ➡️ Deuteronomy ➡️ Joshua
53%
Genesis ➡️ Exodus ➡️ Leviticus ➡️ Numbers ➡️ Deuteronomy ➡️ Joshua ➡️ Judges
53%
Genesis ➡️ Exodus ➡️ Leviticus ➡️ Numbers ➡️ Deuteronomy ➡️ Joshua ➡️ Judges ➡️ Ruth ➡️ 1 Samuel ➡️ 2 Samuel ➡️ 1 Kings ➡️ 2 Kings ➡️ 1 Chronicles ➡️ 2 Chronicles ➡️ Ezra ➡️ Nehemiah
53%
Genesis ➡️ Exodus ➡️ Leviticus ➡️ Numbers ➡️ Deuteronomy ➡️ Joshua ➡️ Judges ➡️ Ruth ➡️ 1 Samuel ➡️ 2 Samuel ➡️ 1 Kings ➡️ 2 Kings ➡️ 1 Chronicles ➡️ 2 Chronicles ➡️ Ezra ➡️ Nehemiah ➡️ Esther ➡️ Job ➡️ Psalms ➡️ Proverbs
47%
Genesis ➡️ Exodus ➡️ Leviticus ➡️ Numbers ➡️ Deuteronomy ➡️ Joshua ➡️ Judges ➡️ Ruth
47%
Genesis ➡️ Exodus ➡️ Leviticus ➡️ Numbers ➡️ Deuteronomy ➡️ Joshua ➡️ Judges ➡️ Ruth ➡️ 1 Samuel ➡️ 2 Samuel ➡️ 1 Kings ➡️ 2 Kings ➡️ 1 Chronicles ➡️ 2 Chronicles ➡️ Ezra ➡️ Nehemiah ➡️ Esther ➡️ Job ➡️ Psalms ➡️ Proverbs ➡️ Ecclesiastes ➡️ Song of Solomon ➡️ Isaiah ➡️ Jeremiah ➡️ Lamentations ➡️ Ezekiel ➡️ Daniel ➡️ Hosea ➡️ Joel ➡️ Amos ➡️ Obadiah ➡️ Jonah ➡️ Micah ➡️ Nahum ➡️ Habakkuk ➡️ Zephaniah ➡️ Haggai ➡️ Zechariah ➡️ Malachi ➡️ Matthew ➡️ Mark ➡️ Luke ➡️ John ➡️ Acts ➡️ Romans ➡️ 1 Corinthians ➡️ 2 Corinthians ➡️ Galatians ➡️ Ephesians ➡️ Philippians ➡️ Colossions ➡️ 1 Thessalonians ➡️ 2 Thessalonians ➡️ 1 Timothy ➡️ 2 Timothy ➡️ Titus ➡️ Philemon ➡️ Hebrews ➡️ James ➡️ 1 Peter ➡️ 2 Peter ➡️ 1 John
40%
Genesis ➡️ Exodus ➡️ Leviticus ➡️ Numbers ➡️ Deuteronomy ➡️ Joshua ➡️ Judges ➡️ Ruth ➡️ 1 Samuel ➡️ 2 Samuel ➡️ 1 Kings ➡️ 2 Kings ➡️ 1 Chronicles ➡️ 2 Chronicles ➡️ Ezra ➡️ Nehemiah ➡️ Esther ➡️ Job ➡️ Psalms ➡️ Proverbs ➡️ Ecclesiastes ➡️ Song of Solomon ➡️ Isaiah ➡️ Jeremiah ➡️ Lamentations ➡️ Ezekiel ➡️ Daniel ➡️ Hosea ➡️ Joel ➡️ Amos ➡️ Obadiah ➡️ Jonah ➡️ Micah ➡️ Nahum ➡️ Habakkuk ➡️ Zephaniah ➡️ Haggai ➡️ Zechariah ➡️ Malachi ➡️ Matthew ➡️ Mark ➡️ Luke ➡️ John ➡️ Acts ➡️ Romans ➡️ 1 Corinthians ➡️ 2 Corinthians ➡️ Galatians ➡️ Ephesians ➡️ Philippians ➡️ Colossions ➡️ 1 Thessalonians
40%
Genesis ➡️ Exodus ➡️ Leviticus ➡️ Numbers ➡️ Deuteronomy ➡️ Joshua ➡️ Judges ➡️ Ruth ➡️ 1 Samuel ➡️ 2 Samuel ➡️ 1 Kings ➡️ 2 Kings ➡️ 1 Chronicles ➡️ 2 Chronicles ➡️ Ezra ➡️ Nehemiah ➡️ Esther ➡️ Job ➡️ Psalms ➡️ Proverbs ➡️ Ecclesiastes ➡️ Song of Solomon ➡️ Isaiah ➡️ Jeremiah ➡️ Lamentations ➡️ Ezekiel ➡️ Daniel ➡️ Hosea ➡️ Joel ➡️ Amos ➡️ Obadiah ➡️ Jonah ➡️ Micah ➡️ Nahum ➡️ Habakkuk ➡️ Zephaniah ➡️ Haggai ➡️ Zechariah ➡️ Malachi ➡️ Matthew ➡️ Mark ➡️ Luke ➡️ John ➡️ Acts ➡️ Romans ➡️ 1 Corinthians ➡️ 2 Corinthians
40%
Genesis ➡️ Exodus ➡️ Leviticus ➡️ Numbers ➡️ Deuteronomy ➡️ Joshua ➡️ Judges ➡️ Ruth ➡️ 1 Samuel ➡️ 2 Samuel ➡️ 1 Kings ➡️ 2 Kings ➡️ 1 Chronicles ➡️ 2 Chronicles ➡️ Ezra ➡️ Nehemiah ➡️ Esther ➡️ Job ➡️ Psalms ➡️ Proverbs ➡️ Ecclesiastes ➡️ Song of Solomon ➡️ Isaiah ➡️ Jeremiah ➡️ Lamentations ➡️ Ezekiel ➡️ Daniel ➡️ Hosea ➡️ Joel ➡️ Amos ➡️ Obadiah ➡️ Jonah ➡️ Micah ➡️ Nahum ➡️ Habakkuk ➡️ Zephaniah ➡️ Haggai ➡️ Zechariah ➡️ Malachi ➡️ Matthew ➡️ Mark ➡️ Luke ➡️ John ➡️ Acts ➡️ Romans ➡️ 1 Corinthians ➡️ 2 Corinthians ➡️ Galatians ➡️ Ephesians ➡️ Philippians ➡️ Colossions ➡️ 1 Thessalonians ➡️ 2 Thessalonians ➡️ 1 Timothy ➡️ 2 Timothy ➡️ Titus ➡️ Philemon ➡️ Hebrews ➡️ James ➡️ 1 Peter ➡️ 2 Peter ➡️ 1 John ➡️ 2 John
40%
Genesis ➡️ Exodus ➡️ Leviticus ➡️ Numbers ➡️ Deuteronomy ➡️ Joshua ➡️ Judges ➡️ Ruth ➡️ 1 Samuel ➡️ 2 Samuel ➡️ 1 Kings ➡️ 2 Kings ➡️ 1 Chronicles ➡️ 2 Chronicles ➡️ Ezra ➡️ Nehemiah ➡️ Esther ➡️ Job ➡️ Psalms ➡️ Proverbs ➡️ Ecclesiastes ➡️ Song of Solomon ➡️ Isaiah ➡️ Jeremiah ➡️ Lamentations ➡️ Ezekiel ➡️ Daniel ➡️ Hosea ➡️ Joel ➡️ Amos ➡️ Obadiah ➡️ Jonah ➡️ Micah ➡️ Nahum ➡️ Habakkuk ➡️ Zephaniah ➡️ Haggai ➡️ Zechariah ➡️ Malachi ➡️ Matthew ➡️ Mark ➡️ Luke ➡️ John ➡️ Acts ➡️ Romans ➡️ 1 Corinthians ➡️ 2 Corinthians ➡️ Galatians ➡️ Ephesians ➡️ Philippians ➡️ Colossions ➡️ 1 Thessalonians ➡️ 2 Thessalonians ➡️ 1 Timothy ➡️ 2 Timothy ➡️ Titus ➡️ Philemon ➡️ Hebrews ➡️ James ➡️ 1 Peter ➡️ 2 Peter
40%
Genesis ➡️ Exodus ➡️ Leviticus ➡️ Numbers ➡️ Deuteronomy ➡️ Joshua ➡️ Judges ➡️ Ruth ➡️ 1 Samuel ➡️ 2 Samuel ➡️ 1 Kings ➡️ 2 Kings ➡️ 1 Chronicles ➡️ 2 Chronicles ➡️ Ezra ➡️ Nehemiah ➡️ Esther ➡️ Job ➡️ Psalms ➡️ Proverbs ➡️ Ecclesiastes ➡️ Song of Solomon ➡️ Isaiah ➡️ Jeremiah ➡️ Lamentations ➡️ Ezekiel ➡️ Daniel ➡️ Hosea ➡️ Joel ➡️ Amos ➡️ Obadiah ➡️ Jonah ➡️ Micah ➡️ Nahum ➡️ Habakkuk ➡️ Zephaniah ➡️ Haggai ➡️ Zechariah ➡️ Malachi ➡️ Matthew ➡️ Mark ➡️ Luke ➡️ John ➡️ Acts ➡️ Romans ➡️ 1 Corinthians ➡️ 2 Corinthians ➡️ Galatians ➡️ Ephesians ➡️ Philippians ➡️ Colossions ➡️ 1 Thessalonians ➡️ 2 Thessalonians
40%
Genesis ➡️ Exodus ➡️ Leviticus ➡️ Numbers ➡️ Deuteronomy ➡️ Joshua ➡️ Judges ➡️ Ruth ➡️ 1 Samuel ➡️ 2 Samuel ➡️ 1 Kings ➡️ 2 Kings ➡️ 1 Chronicles ➡️ 2 Chronicles ➡️ Ezra ➡️ Nehemiah ➡️ Esther ➡️ Job ➡️ Psalms ➡️ Proverbs ➡️ Ecclesiastes ➡️ Song of Solomon ➡️ Isaiah ➡️ Jeremiah ➡️ Lamentations ➡️ Ezekiel ➡️ Daniel ➡️ Hosea ➡️ Joel ➡️ Amos ➡️ Obadiah ➡️ Jonah ➡️ Micah ➡️ Nahum ➡️ Habakkuk ➡️ Zephaniah ➡️ Haggai ➡️ Zechariah ➡️ Malachi ➡️ Matthew ➡️ Mark ➡️ Luke ➡️ John ➡️ Acts ➡️ Romans ➡️ 1 Corinthians ➡️ 2 Corinthians ➡️ Galatians ➡️ Ephesians ➡️ Philippians ➡️ Colossions ➡️ 1 Thessalonians ➡️ 2 Thessalonians ➡️ 1 Timothy ➡️ 2 Timothy
40%
Genesis ➡️ Exodus ➡️ Leviticus ➡️ Numbers ➡️ Deuteronomy ➡️ Joshua ➡️ Judges ➡️ Ruth ➡️ 1 Samuel ➡️ 2 Samuel ➡️ 1 Kings ➡️ 2 Kings ➡️ 1 Chronicles ➡️ 2 Chronicles ➡️ Ezra ➡️ Nehemiah ➡️ Esther ➡️ Job ➡️ Psalms ➡️ Proverbs ➡️ Ecclesiastes ➡️ Song of Solomon ➡️ Isaiah ➡️ Jeremiah ➡️ Lamentations ➡️ Ezekiel ➡️ Daniel ➡️ Hosea ➡️ Joel ➡️ Amos ➡️ Obadiah ➡️ Jonah ➡️ Micah ➡️ Nahum ➡️ Habakkuk ➡️ Zephaniah ➡️ Haggai ➡️ Zechariah ➡️ Malachi ➡️ Matthew ➡️ Mark ➡️ Luke ➡️ John ➡️ Acts ➡️ Romans ➡️ 1 Corinthians ➡️ 2 Corinthians ➡️ Galatians ➡️ Ephesians ➡️ Philippians ➡️ Colossions ➡️ 1 Thessalonians ➡️ 2 Thessalonians ➡️ 1 Timothy ➡️ 2 Timothy ➡️ Titus ➡️ Philemon ➡️ Hebrews ➡️ James ➡️ 1 Peter ➡️ 2 Peter ➡️ 1 John ➡️ 2 John ➡️ 3 John
40%
Genesis ➡️ Exodus ➡️ Leviticus ➡️ Numbers ➡️ Deuteronomy ➡️ Joshua ➡️ Judges ➡️ Ruth ➡️ 1 Samuel ➡️ 2 Samuel ➡️ 1 Kings ➡️ 2 Kings ➡️ 1 Chronicles ➡️ 2 Chronicles ➡️ Ezra ➡️ Nehemiah ➡️ Esther ➡️ Job ➡️ Psalms ➡️ Proverbs ➡️ Ecclesiastes ➡️ Song of Solomon ➡️ Isaiah ➡️ Jeremiah ➡️ Lamentations ➡️ Ezekiel ➡️ Daniel ➡️ Hosea ➡️ Joel ➡️ Amos ➡️ Obadiah ➡️ Jonah ➡️ Micah ➡️ Nahum ➡️ Habakkuk ➡️ Zephaniah ➡️ Haggai ➡️ Zechariah ➡️ Malachi ➡️ Matthew ➡️ Mark ➡️ Luke ➡️ John ➡️ Acts
40%
Genesis ➡️ Exodus ➡️ Leviticus ➡️ Numbers ➡️ Deuteronomy ➡️ Joshua ➡️ Judges ➡️ Ruth ➡️ 1 Samuel ➡️ 2 Samuel ➡️ 1 Kings ➡️ 2 Kings ➡️ 1 Chronicles ➡️ 2 Chronicles ➡️ Ezra ➡️ Nehemiah ➡️ Esther ➡️ Job ➡️ Psalms ➡️ Proverbs ➡️ Ecclesiastes ➡️ Song of Solomon ➡️ Isaiah ➡️ Jeremiah ➡️ Lamentations ➡️ Ezekiel ➡️ Daniel
40%
Genesis ➡️ Exodus ➡️ Leviticus ➡️ Numbers ➡️ Deuteronomy ➡️ Joshua ➡️ Judges ➡️ Ruth ➡️ 1 Samuel ➡️ 2 Samuel ➡️ 1 Kings ➡️ 2 Kings ➡️ 1 Chronicles ➡️ 2 Chronicles ➡️ Ezra
40%
Genesis ➡️ Exodus ➡️ Leviticus ➡️ Numbers ➡️ Deuteronomy ➡️ Joshua ➡️ Judges ➡️ Ruth ➡️ 1 Samuel ➡️ 2 Samuel ➡️ 1 Kings ➡️ 2 Kings ➡️ 1 Chronicles ➡️ 2 Chronicles ➡️ Ezra ➡️ Nehemiah ➡️ Esther ➡️ Job ➡️ Psalms ➡️ Proverbs ➡️ Ecclesiastes ➡️ Song of Solomon ➡️ Isaiah
40%
Genesis ➡️ Exodus ➡️ Leviticus ➡️ Numbers ➡️ Deuteronomy ➡️ Joshua ➡️ Judges ➡️ Ruth ➡️ 1 Samuel ➡️ 2 Samuel ➡️ 1 Kings ➡️ 2 Kings ➡️ 1 Chronicles ➡️ 2 Chronicles ➡️ Ezra ➡️ Nehemiah ➡️ Esther ➡️ Job ➡️ Psalms ➡️ Proverbs ➡️ Ecclesiastes ➡️ Song of Solomon ➡️ Isaiah ➡️ Jeremiah
40%
Genesis ➡️ Exodus ➡️ Leviticus ➡️ Numbers ➡️ Deuteronomy ➡️ Joshua ➡️ Judges ➡️ Ruth ➡️ 1 Samuel ➡️ 2 Samuel ➡️ 1 Kings ➡️ 2 Kings ➡️ 1 Chronicles ➡️ 2 Chronicles ➡️ Ezra ➡️ Nehemiah ➡️ Esther ➡️ Job ➡️ Psalms ➡️ Proverbs ➡️ Ecclesiastes ➡️ Song of Solomon ➡️ Isaiah ➡️ Jeremiah ➡️ Lamentations ➡️ Ezekiel ➡️ Daniel ➡️ Hosea ➡️ Joel ➡️ Amos ➡️ Obadiah ➡️ Jonah ➡️ Micah ➡️ Nahum ➡️ Habakkuk ➡️ Zephaniah ➡️ Haggai ➡️ Zechariah ➡️ Malachi ➡️ Matthew ➡️ Mark ➡️ Luke ➡️ John
40%
Genesis ➡️ Exodus ➡️ Leviticus ➡️ Numbers ➡️ Deuteronomy ➡️ Joshua ➡️ Judges ➡️ Ruth ➡️ 1 Samuel ➡️ 2 Samuel ➡️ 1 Kings ➡️ 2 Kings ➡️ 1 Chronicles ➡️ 2 Chronicles ➡️ Ezra ➡️ Nehemiah ➡️ Esther ➡️ Job ➡️ Psalms ➡️ Proverbs ➡️ Ecclesiastes ➡️ Song of Solomon ➡️ Isaiah ➡️ Jeremiah ➡️ Lamentations ➡️ Ezekiel ➡️ Daniel ➡️ Hosea ➡️ Joel ➡️ Amos ➡️ Obadiah ➡️ Jonah ➡️ Micah ➡️ Nahum ➡️ Habakkuk ➡️ Zephaniah ➡️ Haggai ➡️ Zechariah ➡️ Malachi ➡️ Matthew ➡️ Mark ➡️ Luke ➡️ John ➡️ Acts ➡️ Romans ➡️ 1 Corinthians ➡️ 2 Corinthians ➡️ Galatians ➡️ Ephesians ➡️ Philippians ➡️ Colossions ➡️ 1 Thessalonians ➡️ 2 Thessalonians ➡️ 1 Timothy ➡️ 2 Timothy ➡️ Titus ➡️ Philemon ➡️ Hebrews ➡️ James ➡️ 1 Peter ➡️ 2 Peter ➡️ 1 John ➡️ 2 John ➡️ 3 John ➡️ Jude
40%
Genesis ➡️ Exodus ➡️ Leviticus ➡️ Numbers ➡️ Deuteronomy ➡️ Joshua ➡️ Judges ➡️ Ruth ➡️ 1 Samuel ➡️ 2 Samuel ➡️ 1 Kings ➡️ 2 Kings ➡️ 1 Chronicles ➡️ 2 Chronicles ➡️ Ezra ➡️ Nehemiah ➡️ Esther ➡️ Job ➡️ Psalms ➡️ Proverbs ➡️ Ecclesiastes ➡️ Song of Solomon ➡️ Isaiah ➡️ Jeremiah ➡️ Lamentations
40%
Genesis ➡️ Exodus ➡️ Leviticus ➡️ Numbers ➡️ Deuteronomy ➡️ Joshua ➡️ Judges ➡️ Ruth ➡️ 1 Samuel ➡️ 2 Samuel ➡️ 1 Kings ➡️ 2 Kings ➡️ 1 Chronicles ➡️ 2 Chronicles ➡️ Ezra ➡️ Nehemiah ➡️ Esther ➡️ Job ➡️ Psalms ➡️ Proverbs ➡️ Ecclesiastes ➡️ Song of Solomon ➡️ Isaiah ➡️ Jeremiah ➡️ Lamentations ➡️ Ezekiel ➡️ Daniel ➡️ Hosea ➡️ Joel ➡️ Amos ➡️ Obadiah ➡️ Jonah ➡️ Micah ➡️ Nahum ➡️ Habakkuk ➡️ Zephaniah ➡️ Haggai ➡️ Zechariah ➡️ Malachi ➡️ Matthew ➡️ Mark ➡️ Luke
40%
Genesis ➡️ Exodus ➡️ Leviticus ➡️ Numbers ➡️ Deuteronomy ➡️ Joshua ➡️ Judges ➡️ Ruth ➡️ 1 Samuel ➡️ 2 Samuel ➡️ 1 Kings ➡️ 2 Kings ➡️ 1 Chronicles ➡️ 2 Chronicles ➡️ Ezra ➡️ Nehemiah ➡️ Esther ➡️ Job ➡️ Psalms ➡️ Proverbs ➡️ Ecclesiastes ➡️ Song of Solomon ➡️ Isaiah ➡️ Jeremiah ➡️ Lamentations ➡️ Ezekiel ➡️ Daniel ➡️ Hosea ➡️ Joel ➡️ Amos ➡️ Obadiah ➡️ Jonah ➡️ Micah ➡️ Nahum ➡️ Habakkuk ➡️ Zephaniah ➡️ Haggai ➡️ Zechariah ➡️ Malachi
40%
Genesis ➡️ Exodus ➡️ Leviticus ➡️ Numbers ➡️ Deuteronomy ➡️ Joshua ➡️ Judges ➡️ Ruth ➡️ 1 Samuel ➡️ 2 Samuel ➡️ 1 Kings ➡️ 2 Kings ➡️ 1 Chronicles ➡️ 2 Chronicles ➡️ Ezra ➡️ Nehemiah ➡️ Esther ➡️ Job ➡️ Psalms ➡️ Proverbs ➡️ Ecclesiastes ➡️ Song of Solomon ➡️ Isaiah ➡️ Jeremiah ➡️ Lamentations ➡️ Ezekiel ➡️ Daniel ➡️ Hosea ➡️ Joel ➡️ Amos ➡️ Obadiah ➡️ Jonah ➡️ Micah ➡️ Nahum ➡️ Habakkuk ➡️ Zephaniah ➡️ Haggai ➡️ Zechariah ➡️ Malachi ➡️ Matthew
40%
Genesis ➡️ Exodus ➡️ Leviticus ➡️ Numbers ➡️ Deuteronomy ➡️ Joshua ➡️ Judges ➡️ Ruth ➡️ 1 Samuel ➡️ 2 Samuel ➡️ 1 Kings ➡️ 2 Kings ➡️ 1 Chronicles ➡️ 2 Chronicles ➡️ Ezra ➡️ Nehemiah ➡️ Esther ➡️ Job ➡️ Psalms ➡️ Proverbs ➡️ Ecclesiastes ➡️ Song of Solomon ➡️ Isaiah ➡️ Jeremiah ➡️ Lamentations ➡️ Ezekiel ➡️ Daniel ➡️ Hosea ➡️ Joel ➡️ Amos ➡️ Obadiah ➡️ Jonah ➡️ Micah ➡️ Nahum
40%
Genesis ➡️ Exodus ➡️ Leviticus ➡️ Numbers ➡️ Deuteronomy ➡️ Joshua ➡️ Judges ➡️ Ruth ➡️ 1 Samuel ➡️ 2 Samuel ➡️ 1 Kings ➡️ 2 Kings ➡️ 1 Chronicles ➡️ 2 Chronicles ➡️ Ezra ➡️ Nehemiah ➡️ Esther ➡️ Job ➡️ Psalms
40%
Genesis ➡️ Exodus ➡️ Leviticus ➡️ Numbers ➡️ Deuteronomy ➡️ Joshua ➡️ Judges ➡️ Ruth ➡️ 1 Samuel ➡️ 2 Samuel ➡️ 1 Kings ➡️ 2 Kings ➡️ 1 Chronicles ➡️ 2 Chronicles ➡️ Ezra ➡️ Nehemiah ➡️ Esther ➡️ Job ➡️ Psalms ➡️ Proverbs ➡️ Ecclesiastes ➡️ Song of Solomon ➡️ Isaiah ➡️ Jeremiah ➡️ Lamentations ➡️ Ezekiel ➡️ Daniel ➡️ Hosea ➡️ Joel ➡️ Amos ➡️ Obadiah ➡️ Jonah ➡️ Micah ➡️ Nahum ➡️ Habakkuk ➡️ Zephaniah ➡️ Haggai ➡️ Zechariah ➡️ Malachi ➡️ Matthew ➡️ Mark ➡️ Luke ➡️ John ➡️ Acts ➡️ Romans
40%
Genesis ➡️ Exodus ➡️ Leviticus ➡️ Numbers ➡️ Deuteronomy ➡️ Joshua ➡️ Judges ➡️ Ruth ➡️ 1 Samuel ➡️ 2 Samuel ➡️ 1 Kings ➡️ 2 Kings ➡️ 1 Chronicles ➡️ 2 Chronicles ➡️ Ezra ➡️ Nehemiah ➡️ Esther ➡️ Job ➡️ Psalms ➡️ Proverbs ➡️ Ecclesiastes ➡️ Song of Solomon ➡️ Isaiah ➡️ Jeremiah ➡️ Lamentations ➡️ Ezekiel ➡️ Daniel ➡️ Hosea ➡️ Joel ➡️ Amos ➡️ Obadiah ➡️ Jonah ➡️ Micah ➡️ Nahum ➡️ Habakkuk ➡️ Zephaniah ➡️ Haggai ➡️ Zechariah
40%
Genesis ➡️ Exodus ➡️ Leviticus ➡️ Numbers ➡️ Deuteronomy ➡️ Joshua ➡️ Judges ➡️ Ruth ➡️ 1 Samuel ➡️ 2 Samuel ➡️ 1 Kings ➡️ 2 Kings ➡️ 1 Chronicles ➡️ 2 Chronicles ➡️ Ezra ➡️ Nehemiah ➡️ Esther ➡️ Job ➡️ Psalms ➡️ Proverbs ➡️ Ecclesiastes ➡️ Song of Solomon ➡️ Isaiah ➡️ Jeremiah ➡️ Lamentations ➡️ Ezekiel ➡️ Daniel ➡️ Hosea ➡️ Joel ➡️ Amos ➡️ Obadiah ➡️ Jonah ➡️ Micah ➡️ Nahum ➡️ Habakkuk ➡️ Zephaniah ➡️ Haggai ➡️ Zechariah ➡️ Malachi ➡️ Matthew ➡️ Mark ➡️ Luke ➡️ John ➡️ Acts ➡️ Romans ➡️ 1 Corinthians
33%
Genesis ➡️ Exodus ➡️ Leviticus ➡️ Numbers ➡️ Deuteronomy ➡️ Joshua ➡️ Judges ➡️ Ruth ➡️ 1 Samuel ➡️ 2 Samuel ➡️ 1 Kings ➡️ 2 Kings ➡️ 1 Chronicles ➡️ 2 Chronicles ➡️ Ezra ➡️ Nehemiah ➡️ Esther ➡️ Job ➡️ Psalms ➡️ Proverbs ➡️ Ecclesiastes ➡️ Song of Solomon ➡️ Isaiah ➡️ Jeremiah ➡️ Lamentations ➡️ Ezekiel ➡️ Daniel ➡️ Hosea ➡️ Joel ➡️ Amos ➡️ Obadiah ➡️ Jonah ➡️ Micah ➡️ Nahum ➡️ Habakkuk ➡️ Zephaniah ➡️ Haggai ➡️ Zechariah ➡️ Malachi ➡️ Matthew ➡️ Mark ➡️ Luke ➡️ John ➡️ Acts ➡️ Romans ➡️ 1 Corinthians ➡️ 2 Corinthians ➡️ Galatians ➡️ Ephesians ➡️ Philippians ➡️ Colossions ➡️ 1 Thessalonians ➡️ 2 Thessalonians ➡️ 1 Timothy
33%
Genesis ➡️ Exodus ➡️ Leviticus ➡️ Numbers ➡️ Deuteronomy ➡️ Joshua ➡️ Judges ➡️ Ruth ➡️ 1 Samuel ➡️ 2 Samuel ➡️ 1 Kings ➡️ 2 Kings ➡️ 1 Chronicles ➡️ 2 Chronicles ➡️ Ezra ➡️ Nehemiah ➡️ Esther ➡️ Job ➡️ Psalms ➡️ Proverbs ➡️ Ecclesiastes
33%
Genesis ➡️ Exodus ➡️ Leviticus ➡️ Numbers ➡️ Deuteronomy ➡️ Joshua ➡️ Judges ➡️ Ruth ➡️ 1 Samuel ➡️ 2 Samuel ➡️ 1 Kings ➡️ 2 Kings ➡️ 1 Chronicles ➡️ 2 Chronicles ➡️ Ezra ➡️ Nehemiah ➡️ Esther ➡️ Job ➡️ Psalms ➡️ Proverbs ➡️ Ecclesiastes ➡️ Song of Solomon ➡️ Isaiah ➡️ Jeremiah ➡️ Lamentations ➡️ Ezekiel
33%
Genesis ➡️ Exodus ➡️ Leviticus ➡️ Numbers ➡️ Deuteronomy ➡️ Joshua ➡️ Judges ➡️ Ruth ➡️ 1 Samuel ➡️ 2 Samuel ➡️ 1 Kings ➡️ 2 Kings ➡️ 1 Chronicles ➡️ 2 Chronicles ➡️ Ezra ➡️ Nehemiah ➡️ Esther ➡️ Job ➡️ Psalms ➡️ Proverbs ➡️ Ecclesiastes ➡️ Song of Solomon ➡️ Isaiah ➡️ Jeremiah ➡️ Lamentations ➡️ Ezekiel ➡️ Daniel ➡️ Hosea ➡️ Joel ➡️ Amos ➡️ Obadiah ➡️ Jonah ➡️ Micah ➡️ Nahum ➡️ Habakkuk ➡️ Zephaniah ➡️ Haggai ➡️ Zechariah ➡️ Malachi ➡️ Matthew ➡️ Mark ➡️ Luke ➡️ John ➡️ Acts ➡️ Romans ➡️ 1 Corinthians ➡️ 2 Corinthians ➡️ Galatians ➡️ Ephesians ➡️ Philippians ➡️ Colossions ➡️ 1 Thessalonians ➡️ 2 Thessalonians ➡️ 1 Timothy ➡️ 2 Timothy ➡️ Titus ➡️ Philemon ➡️ Hebrews
33%
Genesis ➡️ Exodus ➡️ Leviticus ➡️ Numbers ➡️ Deuteronomy ➡️ Joshua ➡️ Judges ➡️ Ruth ➡️ 1 Samuel ➡️ 2 Samuel ➡️ 1 Kings ➡️ 2 Kings ➡️ 1 Chronicles ➡️ 2 Chronicles ➡️ Ezra ➡️ Nehemiah ➡️ Esther ➡️ Job ➡️ Psalms ➡️ Proverbs ➡️ Ecclesiastes ➡️ Song of Solomon ➡️ Isaiah ➡️ Jeremiah ➡️ Lamentations ➡️ Ezekiel ➡️ Daniel ➡️ Hosea ➡️ Joel ➡️ Amos ➡️ Obadiah ➡️ Jonah ➡️ Micah ➡️ Nahum ➡️ Habakkuk ➡️ Zephaniah ➡️ Haggai ➡️ Zechariah ➡️ Malachi ➡️ Matthew ➡️ Mark
33%
Genesis ➡️ Exodus ➡️ Leviticus ➡️ Numbers ➡️ Deuteronomy ➡️ Joshua ➡️ Judges ➡️ Ruth ➡️ 1 Samuel ➡️ 2 Samuel ➡️ 1 Kings ➡️ 2 Kings ➡️ 1 Chronicles ➡️ 2 Chronicles ➡️ Ezra ➡️ Nehemiah ➡️ Esther ➡️ Job ➡️ Psalms ➡️ Proverbs ➡️ Ecclesiastes ➡️ Song of Solomon ➡️ Isaiah ➡️ Jeremiah ➡️ Lamentations ➡️ Ezekiel ➡️ Daniel ➡️ Hosea ➡️ Joel ➡️ Amos ➡️ Obadiah ➡️ Jonah ➡️ Micah ➡️ Nahum ➡️ Habakkuk ➡️ Zephaniah ➡️ Haggai ➡️ Zechariah ➡️ Malachi ➡️ Matthew ➡️ Mark ➡️ Luke ➡️ John ➡️ Acts ➡️ Romans ➡️ 1 Corinthians ➡️ 2 Corinthians ➡️ Galatians ➡️ Ephesians ➡️ Philippians
33%
Genesis ➡️ Exodus ➡️ Leviticus ➡️ Numbers ➡️ Deuteronomy ➡️ Joshua ➡️ Judges ➡️ Ruth ➡️ 1 Samuel ➡️ 2 Samuel ➡️ 1 Kings ➡️ 2 Kings ➡️ 1 Chronicles ➡️ 2 Chronicles ➡️ Ezra ➡️ Nehemiah ➡️ Esther ➡️ Job ➡️ Psalms ➡️ Proverbs ➡️ Ecclesiastes ➡️ Song of Solomon ➡️ Isaiah ➡️ Jeremiah ➡️ Lamentations ➡️ Ezekiel ➡️ Daniel ➡️ Hosea ➡️ Joel ➡️ Amos ➡️ Obadiah ➡️ Jonah ➡️ Micah ➡️ Nahum ➡️ Habakkuk ➡️ Zephaniah ➡️ Haggai ➡️ Zechariah ➡️ Malachi ➡️ Matthew ➡️ Mark ➡️ Luke ➡️ John ➡️ Acts ➡️ Romans ➡️ 1 Corinthians ➡️ 2 Corinthians ➡️ Galatians ➡️ Ephesians ➡️ Philippians ➡️ Colossions ➡️ 1 Thessalonians ➡️ 2 Thessalonians ➡️ 1 Timothy ➡️ 2 Timothy ➡️ Titus ➡️ Philemon ➡️ Hebrews ➡️ James ➡️ 1 Peter ➡️ 2 Peter ➡️ 1 John ➡️ 2 John ➡️ 3 John ➡️ Jude ➡️ Revelations
33%
Genesis ➡️ Exodus ➡️ Leviticus ➡️ Numbers ➡️ Deuteronomy ➡️ Joshua ➡️ Judges ➡️ Ruth ➡️ 1 Samuel ➡️ 2 Samuel ➡️ 1 Kings ➡️ 2 Kings ➡️ 1 Chronicles ➡️ 2 Chronicles ➡️ Ezra ➡️ Nehemiah ➡️ Esther ➡️ Job ➡️ Psalms ➡️ Proverbs ➡️ Ecclesiastes ➡️ Song of Solomon
33%
Genesis ➡️ Exodus ➡️ Leviticus ➡️ Numbers ➡️ Deuteronomy ➡️ Joshua ➡️ Judges ➡️ Ruth ➡️ 1 Samuel ➡️ 2 Samuel ➡️ 1 Kings ➡️ 2 Kings ➡️ 1 Chronicles ➡️ 2 Chronicles ➡️ Ezra ➡️ Nehemiah ➡️ Esther ➡️ Job ➡️ Psalms ➡️ Proverbs ➡️ Ecclesiastes ➡️ Song of Solomon ➡️ Isaiah ➡️ Jeremiah ➡️ Lamentations ➡️ Ezekiel ➡️ Daniel ➡️ Hosea ➡️ Joel ➡️ Amos ➡️ Obadiah ➡️ Jonah ➡️ Micah ➡️ Nahum ➡️ Habakkuk ➡️ Zephaniah ➡️ Haggai ➡️ Zechariah ➡️ Malachi ➡️ Matthew ➡️ Mark ➡️ Luke ➡️ John ➡️ Acts ➡️ Romans ➡️ 1 Corinthians ➡️ 2 Corinthians ➡️ Galatians ➡️ Ephesians ➡️ Philippians ➡️ Colossions ➡️ 1 Thessalonians ➡️ 2 Thessalonians ➡️ 1 Timothy ➡️ 2 Timothy ➡️ Titus ➡️ Philemon ➡️ Hebrews ➡️ James ➡️ 1 Peter
27%
Genesis ➡️ Exodus ➡️ Leviticus ➡️ Numbers ➡️ Deuteronomy ➡️ Joshua ➡️ Judges ➡️ Ruth ➡️ 1 Samuel ➡️ 2 Samuel ➡️ 1 Kings ➡️ 2 Kings ➡️ 1 Chronicles ➡️ 2 Chronicles ➡️ Ezra ➡️ Nehemiah ➡️ Esther ➡️ Job ➡️ Psalms ➡️ Proverbs ➡️ Ecclesiastes ➡️ Song of Solomon ➡️ Isaiah ➡️ Jeremiah ➡️ Lamentations ➡️ Ezekiel ➡️ Daniel ➡️ Hosea ➡️ Joel ➡️ Amos ➡️ Obadiah ➡️ Jonah ➡️ Micah ➡️ Nahum ➡️ Habakkuk ➡️ Zephaniah ➡️ Haggai ➡️ Zechariah ➡️ Malachi ➡️ Matthew ➡️ Mark ➡️ Luke ➡️ John ➡️ Acts ➡️ Romans ➡️ 1 Corinthians ➡️ 2 Corinthians ➡️ Galatians ➡️ Ephesians ➡️ Philippians ➡️ Colossions
27%
Genesis ➡️ Exodus ➡️ Leviticus ➡️ Numbers ➡️ Deuteronomy ➡️ Joshua ➡️ Judges ➡️ Ruth ➡️ 1 Samuel ➡️ 2 Samuel ➡️ 1 Kings ➡️ 2 Kings ➡️ 1 Chronicles ➡️ 2 Chronicles ➡️ Ezra ➡️ Nehemiah ➡️ Esther ➡️ Job ➡️ Psalms ➡️ Proverbs ➡️ Ecclesiastes ➡️ Song of Solomon ➡️ Isaiah ➡️ Jeremiah ➡️ Lamentations ➡️ Ezekiel ➡️ Daniel ➡️ Hosea ➡️ Joel ➡️ Amos ➡️ Obadiah ➡️ Jonah ➡️ Micah ➡️ Nahum ➡️ Habakkuk ➡️ Zephaniah ➡️ Haggai ➡️ Zechariah ➡️ Malachi ➡️ Matthew ➡️ Mark ➡️ Luke ➡️ John ➡️ Acts ➡️ Romans ➡️ 1 Corinthians ➡️ 2 Corinthians ➡️ Galatians ➡️ Ephesians
27%
Genesis ➡️ Exodus ➡️ Leviticus ➡️ Numbers ➡️ Deuteronomy ➡️ Joshua ➡️ Judges ➡️ Ruth ➡️ 1 Samuel ➡️ 2 Samuel ➡️ 1 Kings ➡️ 2 Kings ➡️ 1 Chronicles ➡️ 2 Chronicles ➡️ Ezra ➡️ Nehemiah ➡️ Esther ➡️ Job ➡️ Psalms ➡️ Proverbs ➡️ Ecclesiastes ➡️ Song of Solomon ➡️ Isaiah ➡️ Jeremiah ➡️ Lamentations ➡️ Ezekiel ➡️ Daniel ➡️ Hosea ➡️ Joel ➡️ Amos ➡️ Obadiah ➡️ Jonah ➡️ Micah ➡️ Nahum ➡️ Habakkuk ➡️ Zephaniah ➡️ Haggai ➡️ Zechariah ➡️ Malachi ➡️ Matthew ➡️ Mark ➡️ Luke ➡️ John ➡️ Acts ➡️ Romans ➡️ 1 Corinthians ➡️ 2 Corinthians ➡️ Galatians
27%
Genesis ➡️ Exodus ➡️ Leviticus ➡️ Numbers ➡️ Deuteronomy ➡️ Joshua ➡️ Judges ➡️ Ruth ➡️ 1 Samuel ➡️ 2 Samuel ➡️ 1 Kings ➡️ 2 Kings ➡️ 1 Chronicles ➡️ 2 Chronicles ➡️ Ezra ➡️ Nehemiah ➡️ Esther ➡️ Job ➡️ Psalms ➡️ Proverbs ➡️ Ecclesiastes ➡️ Song of Solomon ➡️ Isaiah ➡️ Jeremiah ➡️ Lamentations ➡️ Ezekiel ➡️ Daniel ➡️ Hosea ➡️ Joel ➡️ Amos ➡️ Obadiah ➡️ Jonah ➡️ Micah ➡️ Nahum ➡️ Habakkuk ➡️ Zephaniah ➡️ Haggai
27%
Genesis ➡️ Exodus ➡️ Leviticus ➡️ Numbers ➡️ Deuteronomy ➡️ Joshua ➡️ Judges ➡️ Ruth ➡️ 1 Samuel ➡️ 2 Samuel ➡️ 1 Kings ➡️ 2 Kings ➡️ 1 Chronicles ➡️ 2 Chronicles ➡️ Ezra ➡️ Nehemiah ➡️ Esther ➡️ Job ➡️ Psalms ➡️ Proverbs ➡️ Ecclesiastes ➡️ Song of Solomon ➡️ Isaiah ➡️ Jeremiah ➡️ Lamentations ➡️ Ezekiel ➡️ Daniel ➡️ Hosea ➡️ Joel ➡️ Amos ➡️ Obadiah ➡️ Jonah ➡️ Micah ➡️ Nahum ➡️ Habakkuk ➡️ Zephaniah ➡️ Haggai ➡️ Zechariah ➡️ Malachi ➡️ Matthew ➡️ Mark ➡️ Luke ➡️ John ➡️ Acts ➡️ Romans ➡️ 1 Corinthians ➡️ 2 Corinthians ➡️ Galatians ➡️ Ephesians ➡️ Philippians ➡️ Colossions ➡️ 1 Thessalonians ➡️ 2 Thessalonians ➡️ 1 Timothy ➡️ 2 Timothy ➡️ Titus ➡️ Philemon ➡️ Hebrews ➡️ James
27%
Genesis ➡️ Exodus ➡️ Leviticus ➡️ Numbers ➡️ Deuteronomy ➡️ Joshua ➡️ Judges ➡️ Ruth ➡️ 1 Samuel ➡️ 2 Samuel ➡️ 1 Kings ➡️ 2 Kings ➡️ 1 Chronicles ➡️ 2 Chronicles ➡️ Ezra ➡️ Nehemiah ➡️ Esther ➡️ Job
27%
Genesis ➡️ Exodus ➡️ Leviticus ➡️ Numbers ➡️ Deuteronomy ➡️ Joshua ➡️ Judges ➡️ Ruth ➡️ 1 Samuel ➡️ 2 Samuel ➡️ 1 Kings ➡️ 2 Kings ➡️ 1 Chronicles ➡️ 2 Chronicles ➡️ Ezra ➡️ Nehemiah ➡️ Esther ➡️ Job ➡️ Psalms ➡️ Proverbs ➡️ Ecclesiastes ➡️ Song of Solomon ➡️ Isaiah ➡️ Jeremiah ➡️ Lamentations ➡️ Ezekiel ➡️ Daniel ➡️ Hosea ➡️ Joel
27%
Genesis ➡️ Exodus ➡️ Leviticus ➡️ Numbers ➡️ Deuteronomy ➡️ Joshua ➡️ Judges ➡️ Ruth ➡️ 1 Samuel ➡️ 2 Samuel ➡️ 1 Kings ➡️ 2 Kings ➡️ 1 Chronicles ➡️ 2 Chronicles ➡️ Ezra ➡️ Nehemiah ➡️ Esther ➡️ Job ➡️ Psalms ➡️ Proverbs ➡️ Ecclesiastes ➡️ Song of Solomon ➡️ Isaiah ➡️ Jeremiah ➡️ Lamentations ➡️ Ezekiel ➡️ Daniel ➡️ Hosea ➡️ Joel ➡️ Amos ➡️ Obadiah ➡️ Jonah
27%
Genesis ➡️ Exodus ➡️ Leviticus ➡️ Numbers ➡️ Deuteronomy ➡️ Joshua ➡️ Judges ➡️ Ruth ➡️ 1 Samuel ➡️ 2 Samuel ➡️ 1 Kings ➡️ 2 Kings ➡️ 1 Chronicles ➡️ 2 Chronicles ➡️ Ezra ➡️ Nehemiah ➡️ Esther ➡️ Job ➡️ Psalms ➡️ Proverbs ➡️ Ecclesiastes ➡️ Song of Solomon ➡️ Isaiah ➡️ Jeremiah ➡️ Lamentations ➡️ Ezekiel ➡️ Daniel ➡️ Hosea ➡️ Joel ➡️ Amos ➡️ Obadiah
27%
Genesis ➡️ Exodus ➡️ Leviticus ➡️ Numbers ➡️ Deuteronomy ➡️ Joshua ➡️ Judges ➡️ Ruth ➡️ 1 Samuel ➡️ 2 Samuel ➡️ 1 Kings ➡️ 2 Kings ➡️ 1 Chronicles ➡️ 2 Chronicles ➡️ Ezra ➡️ Nehemiah ➡️ Esther ➡️ Job ➡️ Psalms ➡️ Proverbs ➡️ Ecclesiastes ➡️ Song of Solomon ➡️ Isaiah ➡️ Jeremiah ➡️ Lamentations ➡️ Ezekiel ➡️ Daniel ➡️ Hosea ➡️ Joel ➡️ Amos ➡️ Obadiah ➡️ Jonah ➡️ Micah ➡️ Nahum ➡️ Habakkuk ➡️ Zephaniah ➡️ Haggai ➡️ Zechariah ➡️ Malachi ➡️ Matthew ➡️ Mark ➡️ Luke ➡️ John ➡️ Acts ➡️ Romans ➡️ 1 Corinthians ➡️ 2 Corinthians ➡️ Galatians ➡️ Ephesians ➡️ Philippians ➡️ Colossions ➡️ 1 Thessalonians ➡️ 2 Thessalonians ➡️ 1 Timothy ➡️ 2 Timothy ➡️ Titus ➡️ Philemon
27%
Genesis ➡️ Exodus ➡️ Leviticus ➡️ Numbers ➡️ Deuteronomy ➡️ Joshua ➡️ Judges ➡️ Ruth ➡️ 1 Samuel ➡️ 2 Samuel ➡️ 1 Kings ➡️ 2 Kings ➡️ 1 Chronicles ➡️ 2 Chronicles ➡️ Ezra ➡️ Nehemiah ➡️ Esther ➡️ Job ➡️ Psalms ➡️ Proverbs ➡️ Ecclesiastes ➡️ Song of Solomon ➡️ Isaiah ➡️ Jeremiah ➡️ Lamentations ➡️ Ezekiel ➡️ Daniel ➡️ Hosea ➡️ Joel ➡️ Amos ➡️ Obadiah ➡️ Jonah ➡️ Micah ➡️ Nahum ➡️ Habakkuk ➡️ Zephaniah ➡️ Haggai ➡️ Zechariah ➡️ Malachi ➡️ Matthew ➡️ Mark ➡️ Luke ➡️ John ➡️ Acts ➡️ Romans ➡️ 1 Corinthians ➡️ 2 Corinthians ➡️ Galatians ➡️ Ephesians ➡️ Philippians ➡️ Colossions ➡️ 1 Thessalonians ➡️ 2 Thessalonians ➡️ 1 Timothy ➡️ 2 Timothy ➡️ Titus
27%
Genesis ➡️ Exodus ➡️ Leviticus ➡️ Numbers ➡️ Deuteronomy ➡️ Joshua ➡️ Judges ➡️ Ruth ➡️ 1 Samuel ➡️ 2 Samuel ➡️ 1 Kings ➡️ 2 Kings ➡️ 1 Chronicles ➡️ 2 Chronicles ➡️ Ezra ➡️ Nehemiah ➡️ Esther ➡️ Job ➡️ Psalms ➡️ Proverbs ➡️ Ecclesiastes ➡️ Song of Solomon ➡️ Isaiah ➡️ Jeremiah ➡️ Lamentations ➡️ Ezekiel ➡️ Daniel ➡️ Hosea ➡️ Joel ➡️ Amos
20%
Genesis ➡️ Exodus ➡️ Leviticus ➡️ Numbers ➡️ Deuteronomy ➡️ Joshua ➡️ Judges ➡️ Ruth ➡️ 1 Samuel ➡️ 2 Samuel ➡️ 1 Kings ➡️ 2 Kings ➡️ 1 Chronicles ➡️ 2 Chronicles ➡️ Ezra ➡️ Nehemiah ➡️ Esther ➡️ Job ➡️ Psalms ➡️ Proverbs ➡️ Ecclesiastes ➡️ Song of Solomon ➡️ Isaiah ➡️ Jeremiah ➡️ Lamentations ➡️ Ezekiel ➡️ Daniel ➡️ Hosea ➡️ Joel ➡️ Amos ➡️ Obadiah ➡️ Jonah ➡️ Micah ➡️ Nahum ➡️ Habakkuk
20%
Genesis ➡️ Exodus ➡️ Leviticus ➡️ Numbers ➡️ Deuteronomy ➡️ Joshua ➡️ Judges ➡️ Ruth ➡️ 1 Samuel ➡️ 2 Samuel ➡️ 1 Kings ➡️ 2 Kings ➡️ 1 Chronicles ➡️ 2 Chronicles ➡️ Ezra ➡️ Nehemiah ➡️ Esther ➡️ Job ➡️ Psalms ➡️ Proverbs ➡️ Ecclesiastes ➡️ Song of Solomon ➡️ Isaiah ➡️ Jeremiah ➡️ Lamentations ➡️ Ezekiel ➡️ Daniel ➡️ Hosea
20%
Genesis ➡️ Exodus ➡️ Leviticus ➡️ Numbers ➡️ Deuteronomy ➡️ Joshua ➡️ Judges ➡️ Ruth ➡️ 1 Samuel ➡️ 2 Samuel ➡️ 1 Kings ➡️ 2 Kings ➡️ 1 Chronicles ➡️ 2 Chronicles ➡️ Ezra ➡️ Nehemiah ➡️ Esther ➡️ Job ➡️ Psalms ➡️ Proverbs ➡️ Ecclesiastes ➡️ Song of Solomon ➡️ Isaiah ➡️ Jeremiah ➡️ Lamentations ➡️ Ezekiel ➡️ Daniel ➡️ Hosea ➡️ Joel ➡️ Amos ➡️ Obadiah ➡️ Jonah ➡️ Micah
20%
Genesis ➡️ Exodus ➡️ Leviticus ➡️ Numbers ➡️ Deuteronomy ➡️ Joshua ➡️ Judges ➡️ Ruth ➡️ 1 Samuel ➡️ 2 Samuel ➡️ 1 Kings ➡️ 2 Kings ➡️ 1 Chronicles ➡️ 2 Chronicles ➡️ Ezra ➡️ Nehemiah ➡️ Esther ➡️ Job ➡️ Psalms ➡️ Proverbs ➡️ Ecclesiastes ➡️ Song of Solomon ➡️ Isaiah ➡️ Jeremiah ➡️ Lamentations ➡️ Ezekiel ➡️ Daniel ➡️ Hosea ➡️ Joel ➡️ Amos ➡️ Obadiah ➡️ Jonah ➡️ Micah ➡️ Nahum ➡️ Habakkuk ➡️ Zephaniah
20%
No matching quizzes found
Score Distribution
Percent of People with Each Score
Percentile by Number Answered
Your Score History
You have not taken this quiz